000
00317nam a2200109Ia 4500
008
200302s9999 xx 000 0 und d
100
_a
Shubhra Raje and Amita Raje & Others
245
_a
Anant Raje Architect Selected Works 1971-2009
260
_b
Cept Research and Development Unit
260
_c
2012
300
_a
336 P.,
999
_c
3196
_d
3196